Wszystkie mamucie skocznie narciarskie - Statystyki

Ogólne statystyki
  • Ten quiz został rozwiązany 149 razy
  • Średni wynik to 4 z 5
Statystyki odpowiedzi
Państwo/Punkt K Miejscowość % Poprawnych
Słowenia/K200 Planica
97%
Norwegia/K200 Vikersund
93%
Czechy/K185 Harrachov
88%
Niemcy/K200 Oberstdorf
79%
Austria/K200 Bad Mitterndorf
73%
Nie znaleziono quizów pasujących do podanych kryteriów
Rozkład punktacji
Procent ludzi z każdym wynikiem
Percentyl według liczby udzielonych odpowiedzi
Twoja historia wyników
Nie rozwiązałeś tego quizu